|
|
|
|
| LEADER |
00000cam a22000004a 4500 |
| 001 |
musev2_17404 |
| 003 |
MdBmJHUP |
| 005 |
20230905041900.0 |
| 006 |
m o d |
| 007 |
cr||||||||nn|n |
| 008 |
110114s2011 nyu o 00 0 eng d |
| 020 |
|
|
|a 9781933360744
|
| 020 |
|
|
|z 9781933360492
|
| 035 |
|
|
|a (OCoLC)867785553
|
| 040 |
|
|
|a MdBmJHUP
|c MdBmJHUP
|
| 245 |
0 |
0 |
|a Lucretius :
|b His Continuing Influence and Contemporary Relevance /
|c edited by Timothy J. Madigan and David B. Suits.
|
| 264 |
|
1 |
|a Rochester, N.Y. :
|b RIT Cary Graphic Arts Press,
|c 2011.
|
| 264 |
|
3 |
|a Baltimore, Md. :
|b Project MUSE,
|c 2013
|
| 264 |
|
4 |
|c ©2011.
|
| 300 |
|
|
|a 1 online resource (142 pages):
|b illustrations
|
| 336 |
|
|
|a text
|b txt
|2 rdacontent
|
| 337 |
|
|
|a computer
|b c
|2 rdamedia
|
| 338 |
|
|
|a online resource
|b cr
|2 rdacarrier
|
| 500 |
|
|
|a Papers from a conference held in March 2009 at St. John Fisher College, Rochester, N.Y.
|
| 505 |
0 |
|
|a Newton and Lucretius: some overlooked parallels / William B. Jensen -- Lucretius: his ideas in the language of our time / John R.A. Mayer -- Reflections on paradox and religio in the evangel of Lucretius / Charles M. Natoli -- "As stupid as the clinamen"?: existential aspects of Lucretius's swerve / Melissa M. Shew -- "Half buried ... / or fancy-bourne": unearthed desires and the failure of transcendence in Tennyson's "Lucretius" / Vincent Bissonette -- How Epicurean science saves humanity in Lucretius / John R. Lenz -- Lucretius and death / Dane R. Gordon -- Lucretius on death and re-existence / David B. Suits.
|
| 588 |
|
|
|a Description based on print version record.
|
| 600 |
1 |
7 |
|a Lucretius Carus, Titus.
|2 fast
|0 (OCoLC)fst00032970
|
| 600 |
1 |
0 |
|a Lucretius Carus, Titus
|v Congresses.
|
| 655 |
|
7 |
|a Conference papers and proceedings.
|2 fast
|0 (OCoLC)fst01423772
|
| 655 |
|
7 |
|a Electronic books.
|2 local
|
| 700 |
1 |
|
|a Madigan, Timothy J.
|
| 700 |
1 |
|
|a Suits, David B.
|
| 710 |
2 |
|
|a Project Muse.
|e distributor
|
| 830 |
|
0 |
|a Book collections on Project MUSE.
|
| 856 |
4 |
0 |
|z Texto completo
|u https://projectmuse.uam.elogim.com/book/17404/
|
| 945 |
|
|
|a Project MUSE - Custom Collection
|
| 945 |
|
|
|a Project MUSE - 2011 Complete Supplement
|
| 945 |
|
|
|a Project MUSE - 2011 Philosophy and Religion Supplement
|